मृच्छकटिकम् (Record no. 118169)

MARC details
000 -LEADER
fixed length control field 01064nam a2200253Ia 4500
003 - CONTROL NUMBER IDENTIFIER
control field OSt
005 - DATE AND TIME OF LATEST TRANSACTION
control field 20220918112051.0
008 - FIXED-LENGTH DATA ELEMENTS--GENERAL INFORMATION
fixed length control field 220915b |||||||| |||| 00| 0 san d
037 ## - SOURCE OF ACQUISITION
Terms of availability Textbook
040 ## - CATALOGING SOURCE
Language of cataloging san
Original cataloging agency ARTS
Transcribing agency ARTS
041 ## - LANGUAGE CODE
Language code of text/sound track or separate title san
100 ## - MAIN ENTRY--PERSONAL NAME
Personal name शुद्रक; द्विवेदी, रामानन्द, व्याख्; वाजपेयी, मदनगोपाल, सम्प
9 (RLIN) 11702
245 #0 - TITLE STATEMENT
Title मृच्छकटिकम्
246 ## - VARYING FORM OF TITLE
Title proper/short title Mṛuchchhakaṭikam
260 ## - PUBLICATION, DISTRIBUTION, ETC.
Place of publication, distribution, etc. वाराणसी
Name of publisher, distributor, etc. भारतीय विधा प्रकाशन भारत
Date of publication, distribution, etc. 1993
300 ## - PHYSICAL DESCRIPTION
Extent 658पण्
Dimensions cm.
650 ## - SUBJECT ADDED ENTRY--TOPICAL TERM
Topical term or geographic name entry element हिन्दी साहित्य
942 ## - ADDED ENTRY ELEMENTS (KOHA)
Classification part O15,2D36,1, 152N3-;1
Koha item type Textbook
Source of classification or shelving scheme Colon Classification (CC)

No items available.

Copyright @ Delhi University Library System